A guide to problem solving [for] Mathematics for elementary teachers : a contemporary approach /
Guess and test. Use a variable. Draw a picture. Look for a pattern. Make a list. Solve a simpler problem. Draw a diagram. Use direct reasoning...
محفوظ في:
| المؤلف الرئيسي: | |
|---|---|
| التنسيق: | كتاب |
| اللغة: | English |
| منشور في: |
New York :
John Wiley and Sons,
2000.
|
| الطبعة: | 5th ed. |
| الموضوعات: | |
| الوسوم: |
إضافة وسم
لا توجد وسوم, كن أول من يضع وسما على هذه التسجيلة!
|
| Thư viện lưu trữ: | Mạng thư viện Đại học Đà Nẵng |
|---|
| LEADER | 01082cam a2200349 i 4500 | ||
|---|---|---|---|
| 001 | 000048973 | ||
| 003 | 8700 | ||
| 005 | 20030327084158.0 | ||
| 008 | 010326|2000 vm 000 eng | ||
| 020 | |a 0471378038 | ||
| 040 | |a IRC |c IRC |d IRC | ||
| 041 | 0 | |a eng | |
| 082 | 1 | 4 | |a 372.7044 |b MI-D |
| 100 | 1 | |a Miller, Don. | |
| 245 | 0 | 4 | |a A guide to problem solving [for] Mathematics for elementary teachers : |b a contemporary approach / |c Don Miller. |
| 250 | |a 5th ed. | ||
| 260 | |a New York : |b John Wiley and Sons, |c 2000. | ||
| 300 | |a 118 p. : |b ill. ; |c 25cm. | ||
| 520 | 3 | |a Guess and test. Use a variable. Draw a picture. Look for a pattern. Make a list. Solve a simpler problem. Draw a diagram. Use direct reasoning... | |
| 630 | 0 | 4 | |a Mathematics. |
| 650 | 0 | 4 | |a Mathematics |x Study and Teaching (Elementary) |
| 650 | 0 | 4 | |a Mathematics. |
| OWN | |a DUT | ||
| 999 | |a From the UDN01 | ||
| TYP | |a Monograph | ||
| TYP | |a Printed language | ||
| 980 | |a Mạng thư viện Đại học Đà Nẵng | ||


